Top U.S. Colleges - Statistics

General Stats
  • This quiz has been taken 47 times
  • The average score is 31 of 50
Answer Stats
# School % Correct
3 Harvard
100%
5 Yale
100%
1 Princeton
98%
8 Penn
95%
13 Brown
93%
18 Columbia
88%
2 MIT
85%
39 Texas
83%
26 Michigan
80%
4 Stanford
80%
17 Cornell
78%
12 Dartmouth
78%
21 UCLA
78%
28 Virginia
78%
29 Florida
76%
50 Georgia
76%
11 Northwestern
76%
10 Duke
73%
30 North Carolina
71%
19 Notre Dame
68%
49 Ohio State
68%
36 Boston College
66%
25 NYU
66%
14 Vanderbilt
66%
27 USC
63%
6 Chicago
61%
46 Georgia Tech
61%
42 Illinois
61%
7 Johns Hopkins
61%
40 Wisconsin
61%
9 Cal Tech
59%
15 Rice
59%
24 Georgetown
56%
43 William and Mary
56%
20 Berkeley
51%
41 Boston University
51%
47 Northeastern
51%
32 Tufts
46%
22 Carnegie Mellon
44%
48 Tulane
41%
45 Case Western
39%
31 Wake Forest
39%
23 Emory
34%
38 UC Davis
34%
35 UCSD
34%
37 Rochester
29%
34 UC Irvine
29%
44 Brandeis
22%
33 UC Santa Barbara
17%
16 Washington (St. Louis)
17%
No matching quizzes found
Score Distribution
Percent of People with Each Score
Percentile by Number Answered
Your Score History
You have not taken this quiz